Informačný bulletin Klubu ekonómov

Saved in:
Bibliographic Details
Format: Serial
Language:Slovak
Published: Bratislava Centrum ďalšieho vzdelávania EU
Subjects:
Tags: Add Tag
No Tags, Be the first to tag this record!

MARC

LEADER 00000nas1a2200000 4500
001 s122288
005 20230621132427.6
041 0 |a slo 
044 |a SK 
245 1 0 |a Informačný bulletin Klubu ekonómov 
264 1 |a Bratislava  |b Centrum ďalšieho vzdelávania EU 
610 2 0 |a ekonómia 
610 2 0 |a univerzity